00711nam a2200241 a 4500001001300000003000900013005001700022008004100039020001000080082001600090100001900106245002200125260005900147300000800206500003500214505002700249650002800276700001900304902000800323942000700331952011600338999001500454nice12345678IN_TiNIC20260116011654.0050524s1972 bana grp 000 0 eng  ac10000a248.24bVEN aVenugopal, C T aWitness to Christ aBangalorebChristian Instt.For Study of Religionc1972 a35p aincludes index and biblioraphy2 aAppendix, Bibliography aConversion-Christianity1 aVenugopal, C T bSRS cBK 001040708StackRoom-aHMIbHMId2007-07-06g100.00l0o248.24 VENp06698r2007-07-06v100.00w2005-05-24yBK c3308d3308